| 000 | 01228nam a22002657a 4500 | ||
|---|---|---|---|
| 003 | AM-YeHGA | ||
| 040 | _aAM-YeHGA | ||
| 090 | _c443138 | ||
| 005 | 20250617155836.0 | ||
| 008 | 191030b ||||| |||| 00| 0 rus d | ||
| 041 | 0 | _arus | |
| 100 | 1 | _aСенюков, Василий Михайлович | |
| 245 | 1 | 0 |
_aНефтегазоносность палеозойских отложений северо-западных областей СССР / _cВ. М. Сенюков, В. Г. Кноблок, П. Ф. Мосякин ; Моск. геол.-развед. трест |
| 260 |
_aМосква ; _aЛенинград : _bГостоптехиздат, _c1947 |
||
| 300 |
_a85 с., _bил., карт. |
||
| 504 | _aБиблиогр: с. 82-84 | ||
| 653 | 0 | _aНефть - Поиски и разведка - Ленингр. обл. | |
| 653 | 0 | _aПалеозойские отложения - Нефтеносность - Северо-Запад СССР | |
| 653 | 0 | _aПриродные газы - Поиски и разведка | |
| 700 | 1 | _aСенюков, В. М. | |
| 700 | 1 | _aКноблок, В. Г. | |
| 700 | 1 | _aМосякин, П. Ф. | |
| 700 | 1 | _aТихонович, Н. Н. | |
| 942 |
_2udc _cBK |
||
| 999 |
_c440365 _d440365 |
||